[Event "BL 2324 (Women)"]
[Site "Germany"]
[Date "2023.10.14"]
[Round "1.1"]
[White "Roessler, Ulrike"]
[Black "Kosteniuk, Alexandra"]
[Result "0-1"]
[WhiteElo "2150"]
[BlackElo "2523"]
[PlyCount "66"]
[EventDate "2023.10.14"]
[EventType "team-tourn"]
[EventRounds "11"]
[EventCountry "GER"]
[SourceTitle "CB48_2023"]
[SourceDate "2023.11.29"]
[SourceVersion "1"]
[SourceVersionDate "2023.11.29"]
[SourceQuality "1"]
[WhiteTeam "Leipzig Weissblau (W)"]
[BlackTeam "Baden-Baden (W)"]
[WhiteTeamCountry "GER"]
[BlackTeamCountry "GER"]

1. e4 e5 2. Nf3 Nc6 3. Bc4 Bc5 4. c3 Nf6 5. d3 0-0 6. Bb3 d5 7. Nbd2 dxe4 8. dxe4 Qe7 9. Qe2 a5 10. a4 Kh8 11. h3 Nh5 12. g3 g6 13. Nc4 Be6 14. Bc2 f6 15. Bh6 Rfd8 16. Nfd2 Qf7 17. Ne3 Rd7 18. h4 Rad8 19. 0-0-0 Bxe3 20. Bxe3 Nd4 21. Bxd4 exd4 22. cxd4 Rxd4 23. e5 Bg4 24. Nf3 Qa2 25. Rxd4 Rxd4 26. exf6 Nxf6 27. Qe5 Qa1+ 28. Bb1 Rc4+ 29. Kd2 Rc6 30. Ng5 Qxa4 31. Rc1 Qb4+ 32. Kd3 Rd6+ 33. Ke3 Qd2# 0-1

[Event "BL 2324 (Women)"]
[Site "Germany"]
[Date "2023.10.14"]
[Round "1.1"]
[White "Schmidt, Jessica"]
[Black "Roessler, Ulrike"]
[Result "1-0"]
[WhiteElo "2202"]
[BlackElo "2150"]
[PlyCount "49"]
[EventDate "2023.10.14"]
[EventType "team-tourn"]
[EventRounds "11"]
[EventCountry "GER"]
[SourceTitle "CB48_2023"]
[SourceDate "2023.11.29"]
[SourceVersion "1"]
[SourceVersionDate "2023.11.29"]
[SourceQuality "1"]
[WhiteTeam "Karlsruhe (W)"]
[BlackTeam "Leipzig Weissblau (W)"]
[WhiteTeamCountry "GER"]
[BlackTeamCountry "GER"]

1. d4 g6 2. Nf3 Bg7 3. Bf4 c5 4. e3 Qb6 5. Nc3 Nc6 6. Nd5 Qa5+ 7. Qd2 Qxd2+ 8. Kxd2 Kf8 9. Nc7 Rb8 10. d5 e5 11. Bg3 f6 12. dxc6 dxc6 13. Rd1 Ke7 14. Kc1 Nh6 15. a4 Bd7 16. Nxe5 fxe5 17. Bh4+ Bf6 18. Bxf6+ Kxf6 19. Rxd7 Rbd8 20. Rxd8 Rxd8 21. Bc4 Rd7 22. Ne6 b5 23. Nxc5 Rc7 24. axb5 cxb5 25. Ne4+ 1-0

[Event "GER-ch Blitz (Women)"]
[Site "Viernheim"]
[Date "2023.07.15"]
[Round "21"]
[White "Margaryan, Susanna"]
[Black "Roessler, Ulrike"]
[Result "0-1"]
[WhiteElo "1464"]
[BlackElo "2169"]
[PlyCount "50"]
[EventDate "2023.07.15"]
[EventType "tourn (blitz)"]
[EventRounds "27"]
[EventCountry "GER"]
[SourceTitle "CBM 215 Extra"]
[Source "ChessBase"]
[SourceDate "2023.09.30"]
[SourceVersion "1"]
[SourceVersionDate "2023.09.30"]
[SourceQuality "1"]

1. e4 d6 2. d4 Nf6 3. Bd3 e5 4. d5 g6 5. c4 Bg7 6. Nc3 0-0 7. Nge2 a5 8. a4 Na6 9. Be3 Nc5 10. Bxc5 dxc5 11. 0-0 Ne8 12. Nb5 Nd6 13. Nxd6 cxd6 14. Nc3 f5 15. f3 Bh6 16. Qe2 Qh4 17. g3 Qf6 18. Nb5 Bd7 19. h4 f4 20. Qg2 fxg3 21. Qxg3 Bf4 22. Qf2 Rad8 23. Kh1 Kh8 24. Rg1 g5 25. hxg5 Bxg5 0-1

[Event "GER-ch Blitz (Women)"]
[Site "Viernheim"]
[Date "2023.07.15"]
[Round "4"]
[White "Novikova, Margarita"]
[Black "Roessler, Ulrike"]
[Result "1-0"]
[WhiteElo "1995"]
[BlackElo "2169"]
[PlyCount "60"]
[EventDate "2023.07.15"]
[EventType "tourn (blitz)"]
[EventRounds "27"]
[EventCountry "GER"]
[SourceTitle "CBM 215 Extra"]
[Source "ChessBase"]
[SourceDate "2023.09.30"]
[SourceVersion "1"]
[SourceVersionDate "2023.09.30"]
[SourceQuality "1"]

1. e4 d6 2. d4 Nf6 3. Nc3 g6 4. Be2 Bg7 5. Be3 c6 6. Qd2 b5 7. a3 Nbd7 8. Bh6 Bxh6 9. Qxh6 Qb6 10. Qe3 Bb7 11. Nf3 0-0 12. h3 a5 13. 0-0 b4 14. Na4 Qc7 15. axb4 axb4 16. e5 Nd5 17. Qg5 dxe5 18. dxe5 Ra5 19. Qh6 Nxe5 20. Ng5 Nf6 21. f4 Ned7 22. f5 Qe5 23. Bc4 Qd4+ 24. Kh1 Qxc4 25. fxg6 fxg6 26. Nb6 Rxg5 27. Nxc4 Rh5 28. Qe3 c5 29. Qe6+ Kh8 30. Kg1 Re8 1-0

[Event "GER-ch Blitz (Women)"]
[Site "Viernheim"]
[Date "2023.07.15"]
[Round "16"]
[White "Roessler, Ulrike"]
[Black "Groeschel, Karoline"]
[Result "0-1"]
[WhiteElo "2169"]
[BlackElo "1934"]
[PlyCount "93"]
[EventDate "2023.07.15"]
[EventType "tourn (blitz)"]
[EventRounds "27"]
[EventCountry "GER"]
[SourceTitle "CBM 215 Extra"]
[Source "ChessBase"]
[SourceDate "2023.09.30"]
[SourceVersion "1"]
[SourceVersionDate "2023.09.30"]
[SourceQuality "1"]

1. e4 c5 2. Nf3 e6 3. d4 cxd4 4. Nxd4 a6 5. Nc3 b5 6. Bd3 Bb7 7. a3 Nc6 8. Nxc6 Bxc6 9. 0-0 Bd6 10. f4 Ne7 11. Be3 Qb8 12. Qe1 0-0 13. Qh4 f5 14. e5 Ng6 15. Qg3 Bc7 16. h4 Kh8 17. h5 Ne7 18. Rad1 Rg8 19. Kh2 g5 20. hxg6 Rxg6 21. Qh3 Rxg2+ 22. Qxg2 Bxg2 23. Kxg2 Qb7+ 24. Kh2 Rg8 25. Rd2 Bb6 26. Bxb6 Qxb6 27. Be2 Qe3 28. Rd3 Qa7 29. Bf3 Ng6 30. Ne2 Ne7 31. Nc3 Rg6 32. Bg2 Ng8 33. Nd1 Nh6 34. Nf2 Ng4+ 35. Nxg4 Rxg4 36. Bh3 Rg6 37. Bg2 Qc7 38. c3 Qd8 39. Rh3 Qg8 40. Bf3 Qg7 41. Rd1 Qf7 42. Bh5 Qg7 43. Bxg6 Qxg6 44. Rxd7 h5 45. Rhd3 h4 46. Re7 Qg8 47. Rh3 0-1

[Event "GER-ch Blitz (Women)"]
[Site "Viernheim"]
[Date "2023.07.15"]
[Round "5"]
[White "Roessler, Ulrike"]
[Black "Ley, Sabrina"]
[Result "1-0"]
[WhiteElo "2169"]
[BlackElo "1838"]
[PlyCount "63"]
[EventDate "2023.07.15"]
[EventType "tourn (blitz)"]
[EventRounds "27"]
[EventCountry "GER"]
[SourceTitle "CBM 215 Extra"]
[Source "ChessBase"]
[SourceDate "2023.09.30"]
[SourceVersion "1"]
[SourceVersionDate "2023.09.30"]
[SourceQuality "1"]

1. e4 d5 2. exd5 Qxd5 3. Nc3 Qd6 4. Nf3 Nf6 5. Bc4 a6 6. a3 b5 7. Ba2 Bb7 8. 0-0 c5 9. Re1 e6 10. d3 Be7 11. Ne5 Nd5 12. Qg4 Bf6 13. f4 0-0 14. Bd2 Nd7 15. Nf3 N7b6 16. Ne4 Qe7 17. Nxf6+ Qxf6 18. c4 Ne7 19. Bc3 Qg6 20. Qh3 Bxf3 21. Qxf3 bxc4 22. dxc4 Nf5 23. Bb1 Nxc4 24. Bd3 Ncd6 25. Kh1 h5 26. Qc6 Rfc8 27. Qxd6 Nxd6 28. Bxg6 fxg6 29. Rxe6 Nc4 30. Rxg6 Rc7 31. Re1 Rf8 32. g3 1-0

[Event "Pardubice Czech op-A 33rd"]
[Site "Pardubice"]
[Date "2022.07.22"]
[Round "1"]
[White "Roessler, Ulrike"]
[Black "Stalmach, Richard"]
[Result "1/2-1/2"]
[WhiteElo "2129"]
[BlackElo "2363"]
[PlyCount "114"]
[EventDate "2022.07.22"]
[EventType "swiss"]
[EventRounds "9"]
[EventCountry "CZE"]
[SourceTitle "CBM 209 Extra"]
[Source "ChessBase"]
[SourceDate "2022.09.30"]
[SourceVersion "1"]
[SourceVersionDate "2022.09.30"]
[SourceQuality "1"]

1. e4 c5 2. Nf3 e6 3. d4 cxd4 4. Nxd4 Nc6 5. Nc3 Qc7 6. Ndb5 Qb8 7. Be3 a6 8. Nd4 Nf6 9. f4 Bb4 10. Qf3 d5 11. Nxc6 bxc6 12. exd5 Nxd5 13. Bd2 0-0 14. Bd3 Qb6 15. a3 Bd6 16. Ne4 Qxb2 17. 0-0 Be7 18. Nf2 f5 19. Rab1 Qxa3 20. Rb3 Qa4 21. Rfb1 a5 22. c4 Nb4 23. Bf1 Bd7 24. Ra3 Qc2 25. Rd1 Bc5 26. Be3 Bxe3 27. Qxe3 Rf7 28. Qc5 Be8 29. Rxa5 Rxa5 30. Qxa5 Qc3 31. Rd8 Re7 32. Nd3 Nd5 33. Qc5 Kf7 34. cxd5 Qxc5+ 35. Nxc5 exd5 36. Kf2 Ra7 37. Ke3 Ra5 38. Kd4 Ra2 39. Ke3 Rc2 40. Nd3 Ke7 41. Rb8 c5 42. Rb7+ Kd6 43. Ne5 g5 44. Rb6+ Kc7 45. Rb1 d4+ 46. Kd3 Rc3+ 47. Kd2 gxf4 48. Bd3 Kd6 49. Re1 Kd5 50. Nc4 Bg6 51. Re5+ Kc6 52. h4 Bf7 53. Nb2 c4 54. Rxf5 cxd3 55. Rxf7 Rc2+ 56. Kxd3 Rxb2 57. Rxf4 Rxg2 1/2-1/2

[Event "BL2 Sued 2122 (Women)"]
[Site "Germany"]
[Date "2022.03.20"]
[Round "5.4"]
[White "Braun, Kristin"]
[Black "Roessler, Ulrike"]
[Result "0-1"]
[WhiteElo "1914"]
[BlackElo "2106"]
[PlyCount "126"]
[EventDate "2021.11.27"]
[EventType "team-tourn"]
[EventRounds "7"]
[EventCountry "GER"]
[SourceTitle "EXT 2023"]
[Source "ChessBase"]
[SourceDate "2022.10.05"]
[SourceVersion "1"]
[SourceVersionDate "2022.10.05"]
[SourceQuality "1"]
[WhiteTeam "Augsburg (W)"]
[BlackTeam "Hofheim (W)"]
[WhiteTeamCountry "GER"]
[BlackTeamCountry "GER"]

1. e4 g6 2. d4 Bg7 3. c4 Nc6 4. Nf3 e5 5. d5 Nd4 6. Nbd2 c5 7. dxc6 dxc6 8. b3 Qa5 9. Bb2 Bg4 10. Be2 Bxf3 11. Bxf3 Rd8 12. Qc1 Nf6 13. Bc3 Qc7 14. Qb2 0-0 15. 0-0 Rfe8 16. Rfe1 Rd7 17. g3 Qd8 18. Bg2 Bh6 19. Rad1 c5 20. Nf1 Rd6 21. Bd2 Bxd2 22. Rxd2 Qd7 23. Red1 Rd8 24. Kh1 Qg4 25. Qa3 Nxe4 26. Ne3 Qh5 27. Bxe4 Nf3 28. Ng4 Nxd2 29. Rxd2 Qxg4 30. Bd5 b6 31. Qxa7 R8d7 32. Qa8+ Kg7 33. Qa3 e4 34. Qb2+ f6 35. Qc3 Re7 36. Kg2 Qg5 37. Re2 Qe5 38. Qe3 f5 39. h3 Rf6 40. Kh2 Qd4 41. f3 Qxe3 42. Rxe3 Ra7 43. a4 exf3 44. Bxf3 Kf8 45. Bd5 Re7 46. Rf3 Re2+ 47. Kg1 Rb2 48. Re3 f4 49. Rf3 g5 50. h4 h6 51. hxg5 hxg5 52. gxf4 gxf4 53. Kf1 Ke7 54. Ke1 Kd6 55. Kd1 Ke5 56. Kc1 Rh2 57. Rf1 Kd4 58. Rf3 Re2 59. Rf1 Kc3 60. Rf3+ Re3 61. Rf1 f3 62. b4 f2 63. Kd1 cxb4 0-1

[Event "GER-chT Federal Cup (Women)"]
[Site "Braunfels"]
[Date "2021.10.24"]
[Round "5.1"]
[White "Roessler, Ulrike"]
[Black "Cosma, Elena Luminita"]
[Result "1/2-1/2"]
[WhiteElo "2098"]
[BlackElo "2296"]
[PlyCount "93"]
[EventDate "2021.10.19"]
[EventType "team-tourn"]
[EventRounds "5"]
[EventCountry "GER"]
[SourceTitle "CBM 204 Extra"]
[Source "ChessBase"]
[SourceDate "2021.11.30"]
[SourceVersion "1"]
[SourceVersionDate "2021.11.30"]
[SourceQuality "1"]

1. e4 e6 2. d4 d5 3. Nc3 Nf6 4. Bg5 Be7 5. e5 Nfd7 6. Bxe7 Qxe7 7. f4 a6 8. Nf3 c5 9. Qd2 Nc6 10. dxc5 Nxc5 11. Bd3 b5 12. 0-0-0 b4 13. Ne2 0-0 14. Kb1 a5 15. Ned4 Nxd4 16. Nxd4 Ba6 17. Rhe1 Rfc8 18. f5 Bxd3 19. cxd3 exf5 20. Nxf5 Qd7 21. Qg5 Ne6 22. Qg4 b3 23. Nxg7 bxa2+ 24. Ka1 Kh8 25. Nh5 Rg8 26. Qf5 Rg6 27. Nf4 Rg7 28. Rc1 Rb8 29. Re2 Rd8 30. Nxe6 fxe6 31. Qf6 Kg8 32. Rf2 Rg6 33. Qf4 Qg7 34. Rcc2 Re8 35. h4 Rg4 36. Qf6 Qxf6 37. Rxf6 Rxh4 38. Kxa2 Rd4 39. Rf3 Rg4 40. Rcf2 Kh8 41. Rf8+ Rxf8 42. Rxf8+ Kg7 43. Rf6 Rxg2 44. Rxe6 Rd2 45. Ra6 Rxd3 46. Rxa5 Kf7 47. Ra7+ 1/2-1/2

[Event "GER-chT Federal Cup (Women)"]
[Site "Braunfels"]
[Date "2021.10.21"]
[Round "1.25"]
[White "Krasnopeyeva, Julia"]
[Black "Roessler, Ulrike"]
[Result "0-1"]
[WhiteElo "1941"]
[BlackElo "2098"]
[PlyCount "59"]
[EventDate "2021.10.19"]
[EventType "team-tourn"]
[EventRounds "5"]
[EventCountry "GER"]
[SourceTitle "CBM 204 Extra"]
[Source "ChessBase"]
[SourceDate "2021.11.30"]
[SourceVersion "1"]
[SourceVersionDate "2021.11.30"]
[SourceQuality "1"]

1. e4 d6 2. d4 Nf6 3. Nc3 g6 4. Be3 Bg7 5. Qd2 c6 6. f3 Nbd7 7. 0-0-0 b5 8. e5 b4 9. exf6 bxc3 10. Qxc3 Nxf6 11. Qxc6+ Bd7 12. Qa6 Nd5 13. Bf2 0-0 14. Bc4 Nb4 15. Qa3 a5 16. Ne2 Qc7 17. Bd3 Rfc8 18. Nc3 Qb6 19. Rhe1 e5 20. Ne4 exd4 21. Kb1 Be6 22. b3 a4 23. c3 Nxd3 24. Rxd3 axb3 25. Qxd6 bxa2+ 26. Ka1 Qxd6 27. Nxd6 Rxc3 28. Red1 Rb8 29. Rxc3 dxc3 30. Rh1 0-1

[Event "BL 1920 (Women)"]
[Site "Germany"]
[Date "2020.02.15"]
[Round "7.3"]
[White "Rubina, Tatiana"]
[Black "Roessler, Ulrike"]
[Result "1-0"]
[WhiteElo "2050"]
[BlackElo "2102"]
[PlyCount "81"]
[EventDate "2019.09.14"]
[EventType "team-tourn"]
[EventRounds "11"]
[EventCountry "GER"]
[SourceTitle "CBM 195 Extra"]
[Source "ChessBase"]
[SourceDate "2020.05.31"]
[SourceVersion "1"]
[SourceVersionDate "2020.05.31"]
[SourceQuality "1"]
[WhiteTeam "Karlsruhe (W)"]
[BlackTeam "Hofheim (W)"]
[WhiteTeamCountry "GER"]
[BlackTeamCountry "GER"]

1. e4 d6 2. d4 Nf6 3. Nc3 g6 4. f3 Bg7 5. Be3 c6 6. Qd2 b5 7. 0-0-0 b4 8. Na4 Qa5 9. b3 Nbd7 10. a3 Rb8 11. axb4 Rxb4 12. Kb2 Nb6 13. Nc3 c5 14. Ra1 Qxa1+ 15. Kxa1 cxd4 16. Bxd4 0-0 17. Nge2 Bd7 18. Na2 Rb5 19. Nec3 Rc5 20. Bxc5 dxc5 21. e5 Ne8 22. f4 Nc7 23. Be2 Bc6 24. h4 Ne6 25. h5 Rd8 26. Qe3 Rd4 27. hxg6 hxg6 28. Rf1 Bxg2 29. Rf2 Bc6 30. Bg4 Nc7 31. f5 Ncd5 32. Qg3 Bd7 33. e6 fxe6 34. fxe6 Bc8 35. Kb1 Nf6 36. Bh3 Nbd5 37. Qxg6 Nf4 38. Qf7+ Kh8 39. Bf5 N4h5 40. Rh2 Rf4 41. Rxh5+ 1-0

[Event "BL 1920 (Women)"]
[Site "Germany"]
[Date "2019.12.15"]
[Round "4.2"]
[White "Roessler, Ulrike"]
[Black "Nguyen, Ha Thanh"]
[Result "1/2-1/2"]
[WhiteElo "2102"]
[BlackElo "2016"]
[PlyCount "208"]
[EventDate "2019.09.14"]
[EventType "team-tourn"]
[EventRounds "11"]
[EventCountry "GER"]
[SourceTitle "CBM 194 Extra"]
[Source "ChessBase"]
[SourceDate "2020.03.31"]
[SourceVersion "1"]
[SourceVersionDate "2020.03.31"]
[SourceQuality "1"]
[WhiteTeam "Hofheim (W)"]
[BlackTeam "Erfurt Medizin (W)"]
[WhiteTeamCountry "GER"]
[BlackTeamCountry "GER"]

1. f4 d5 2. Nf3 Nf6 3. e3 e6 4. b3 Nbd7 5. Bb2 c6 6. Be2 Qc7 7. 0-0 Nc5 8. Qe1 Bd7 9. Ne5 Nce4 10. g4 Nd6 11. g5 Ng8 12. Bh5 Ne7 13. Qh4 Nef5 14. Qh3 Rg8 15. Nc3 g6 16. Bf3 Bg7 17. Rae1 0-0-0 18. Nd1 h6 19. gxh6 Bxh6 20. Bg4 Rdf8 21. d3 Bg7 22. Nxd7 Qxd7 23. Bxg7 Nxg7 24. e4 Kb8 25. Bf3 Qc7 26. Bg2 Rh8 27. Qe3 Rh7 28. h3 Rfh8 29. Nf2 Nh5 30. c4 d4 31. Qf3 Ne8 32. Ng4 Neg7 33. b4 Ne8 34. c5 Qe7 35. Qf2 Qd8 36. Rb1 Nc7 37. Ne5 Rg8 38. b5 cxb5 39. a4 f6 40. Ng4 a6 41. Rb4 Rd7 42. Rc1 a5 43. Rbb1 b4 44. c6 bxc6 45. Rxc6 Rd6 46. Rc5 Ra6 47. Rbc1 Rg7 48. e5 f5 49. Nh2 Rd7 50. Nf1 Nd5 51. Qxd4 Nhxf4 52. Qc4 Ne2+ 53. Kh2 Nxc1 54. Qxa6 Rb7 55. Rxc1 Qg5 56. Qc4 Rc7 57. Qb5+ Rb7 58. Qe8+ Ka7 59. Rc5 Qf4+ 60. Kh1 Qf2 61. Rxa5+ Kb6 62. Qb5+ Kc7 63. Qc5+ Qxc5 64. Rxc5+ Kd7 65. Bxd5 exd5 66. Rxd5+ Ke6 67. Rb5 Rd7 68. Rxb4 Rxd3 69. Kg2 Kxe5 70. a5 Ra3 71. Rb5+ Kf4 72. Kf2 Rxh3 73. Rb4+ Ke5 74. Nd2 g5 75. Nf3+ Kd5 76. Rb5+ Kc4 77. Rxf5 g4 78. Ne5+ Kb5 79. Nd3+ Kc4 80. Nc5 Ra3 81. a6 Kb5 82. Rg5 Kc6 83. Kg2 Kb5 84. Rd5 Kc6 85. Rf5 Kb5 86. Rg5 Kc6 87. Kf2 Kb5 88. Ne4+ Kxa6 89. Rxg4 Kb5 90. Nd2 Kc6 91. Rg5 Rh3 92. Nf3 Rh7 93. Ke3 Re7+ 94. Kd4 Rd7+ 95. Kc4 Rh7 96. Rg6+ Kc7 97. Kd5 Rh5+ 98. Ne5 Rh7 99. Kc5 Re7 100. Rc6+ Kb7 101. Rb6+ Kc7 102. Nc4 Rd7 103. Rc6+ Kb8 104. Nd6 Rc7 1/2-1/2

[Event "GER-ch rapid (Women) 45th"]
[Site "Neumarkt in der Oberpfalz"]
[Date "2019.09.22"]
[Round "6"]
[White "Muetsch, Annmarie"]
[Black "Roessler, Ulrike"]
[Result "1-0"]
[WhiteElo "2250"]
[BlackElo "2102"]
[PlyCount "77"]
[EventDate "2019.09.21"]
[EventType "swiss"]
[EventRounds "9"]
[EventCountry "GER"]
[SourceTitle "EXT 2020"]
[Source "ChessBase"]
[SourceDate "2019.10.17"]
[SourceVersion "1"]
[SourceVersionDate "2019.10.17"]
[SourceQuality "1"]

1. e4 d6 2. d4 Nf6 3. Nc3 g6 4. f4 Bg7 5. Nf3 0-0 6. Bd3 Na6 7. 0-0 c5 8. d5 Nc7 9. a4 Bg4 10. h3 Bxf3 11. Qxf3 Rb8 12. Bd2 e6 13. Kh1 exd5 14. exd5 a6 15. a5 b5 16. axb6 Rxb6 17. Ra2 Nb5 18. Nxb5 axb5 19. Ba5 Qa8 20. Rfa1 Rb7 21. Bc7 Qc8 22. Bxd6 Rd8 23. Ra8 Qxa8 24. Rxa8 Rxa8 25. Bxc5 Nd7 26. Bf2 Bxb2 27. d6 Rab8 28. Be4 Rb6 29. Bxb6 Rxb6 30. Bc6 Nf8 31. Qd5 Ne6 32. Be8 b4 33. f5 gxf5 34. Qxf5 Rxd6 35. Bxf7+ Kg7 36. Bxe6 Bf6 37. Qg4+ Kf8 38. Qg8+ Ke7 39. Qf7+ 1-0

[Event "GER-ch rapid (Women) 45th"]
[Site "Neumarkt in der Oberpfalz"]
[Date "2019.09.22"]
[Round "8"]
[White "Roessler, Ulrike"]
[Black "Stangl, Anita"]
[Result "1-0"]
[WhiteElo "2102"]
[BlackElo "2011"]
[PlyCount "21"]
[EventDate "2019.09.21"]
[EventType "swiss"]
[EventRounds "9"]
[EventCountry "GER"]
[SourceTitle "EXT 2020"]
[Source "ChessBase"]
[SourceDate "2019.10.17"]
[SourceVersion "1"]
[SourceVersionDate "2019.10.17"]
[SourceQuality "1"]

1. e4 e6 2. d4 d5 3. Nc3 Nf6 4. Bg5 Be7 5. e5 Nfd7 6. Bxe7 Qxe7 7. f4 0-0 8. Nf3 c5 9. Qd2 Nc6 10. 0-0-0 f6 11. dxc5 1-0

[Event "GER-ch rapid (Women) 45th"]
[Site "Neumarkt in der Oberpfalz"]
[Date "2019.09.21"]
[Round "4"]
[White "Schulze, Lara"]
[Black "Roessler, Ulrike"]
[Result "0-1"]
[WhiteElo "2345"]
[BlackElo "2102"]
[PlyCount "41"]
[EventDate "2019.09.21"]
[EventType "swiss"]
[EventRounds "9"]
[EventCountry "GER"]
[SourceTitle "EXT 2020"]
[Source "ChessBase"]
[SourceDate "2019.10.17"]
[SourceVersion "1"]
[SourceVersionDate "2019.10.17"]
[SourceQuality "1"]

1. e4 d6 2. d4 Nf6 3. Nc3 g6 4. Be3 Bg7 5. Qd2 c6 6. Bh6 Bxh6 7. Qxh6 Qa5 8. Bd3 b5 9. Nf3 b4 10. Ne2 Bg4 11. Nd2 Bxe2 12. Kxe2 Qh5+ 13. Qxh5 Nxh5 14. g3 e5 15. dxe5 dxe5 16. Nc4 Nd7 17. a3 b3 18. cxb3 a5 19. Rac1 Ng7 20. Nd2 Ne6 21. Nf3 0-1

[Event "Pardubice op rapid 30th"]
[Site "Pardubice"]
[Date "2019.07.18"]
[Round "4"]
[White "Nehyba, Martin"]
[Black "Roessler, Ulrike"]
[Result "1/2-1/2"]
[WhiteElo "2090"]
[BlackElo "2139"]
[PlyCount "61"]
[EventDate "2019.07.17"]
[EventType "swiss (rapid)"]
[EventRounds "9"]
[EventCountry "CZE"]
[SourceTitle "CBM 191 Extra"]
[Source "ChessBase"]
[SourceDate "2019.09.30"]
[SourceVersion "1"]
[SourceVersionDate "2019.09.30"]
[SourceQuality "1"]

1. e4 g6 2. d4 Bg7 3. Be3 d6 4. c4 Nf6 5. f3 0-0 6. Nc3 e5 7. d5 a6 8. Qd2 c6 9. Bd3 cxd5 10. cxd5 Nbd7 11. Nge2 Ne8 12. g4 b5 13. Ng3 Nb6 14. b3 Bd7 15. h4 Rc8 16. h5 f5 17. hxg6 hxg6 18. gxf5 gxf5 19. Bh6 f4 20. Bxg7 Nxg7 21. Nh5 Qg5 22. Nxg7 Qg3+ 23. Qf2 Qxf2+ 24. Kxf2 Rxc3 25. Rag1 Rxd3 26. Ne6+ Kf7 27. Nxf8 Kxf8 28. Rh8+ Kf7 29. Rh7+ Kf8 30. Rh8+ Kf7 31. Rh7+ 1/2-1/2

[Event "Pardubice op rapid 30th"]
[Site "Pardubice"]
[Date "2019.07.18"]
[Round "5"]
[White "Roessler, Ulrike"]
[Black "Grabinsky, Vladimir"]
[Result "1-0"]
[WhiteElo "2139"]
[BlackElo "2226"]
[PlyCount "67"]
[EventDate "2019.07.17"]
[EventType "swiss (rapid)"]
[EventRounds "9"]
[EventCountry "CZE"]
[SourceTitle "CBM 191 Extra"]
[Source "ChessBase"]
[SourceDate "2019.09.30"]
[SourceVersion "1"]
[SourceVersionDate "2019.09.30"]
[SourceQuality "1"]

1. e4 c5 2. Nf3 e6 3. d4 cxd4 4. Nxd4 a6 5. Nc3 Qc7 6. Bd3 Nc6 7. Nxc6 bxc6 8. Qe2 Bd6 9. Qg4 Kf8 10. f4 Nf6 11. Qh4 e5 12. f5 h5 13. Bg5 Be7 14. g4 Rb8 15. Bxf6 gxf6 16. gxh5 Qb6 17. Ke2 Qd4 18. h6 Rxb2 19. Nd1 Rxc2+ 20. Bxc2 Qxa1 21. h7 Qc1 22. Rg1 Qf4 23. Rg4 Qc1 24. Ne3 Bc5 25. Qh6+ Ke7 26. Nd5+ cxd5 27. Qxc1 Rxh7 28. Bb3 Rxh2+ 29. Kf3 d6 30. Bxd5 Bd7 31. Rg7 Be8 32. Qb1 Kf8 33. Rg2 Rh4 34. Qb8 1-0

[Event "Pardubice op rapid 30th"]
[Site "Pardubice"]
[Date "2019.07.18"]
[Round "6"]
[White "Votava, Jan"]
[Black "Roessler, Ulrike"]
[Result "1-0"]
[WhiteElo "2521"]
[BlackElo "2139"]
[PlyCount "55"]
[EventDate "2019.07.17"]
[EventType "swiss (rapid)"]
[EventRounds "9"]
[EventCountry "CZE"]
[SourceTitle "CBM 191 Extra"]
[Source "ChessBase"]
[SourceDate "2019.09.30"]
[SourceVersion "1"]
[SourceVersionDate "2019.09.30"]
[SourceQuality "1"]

1. d4 Nf6 2. c4 g6 3. Nc3 Bg7 4. g3 0-0 5. Bg2 d6 6. Nf3 Nc6 7. 0-0 Bf5 8. Ne1 e5 9. d5 Na5 10. b3 e4 11. Nc2 c5 12. Ne3 Ng4 13. Qc2 Re8 14. Rb1 Bd4 15. Nxf5 gxf5 16. e3 Bg7 17. Bd2 b6 18. f3 exf3 19. Rxf3 f4 20. gxf4 Qh4 21. h3 Nh6 22. Nb5 Qe7 23. Bc3 Bxc3 24. Nxc3 Qf6 25. Rg3+ Kf8 26. Qxh7 Nf5 27. Rg8+ Ke7 28. Ne4 1-0

[Event "BL 1819 (Women)"]
[Site "Germany"]
[Date "2019.03.02"]
[Round "10.5"]
[White "Heyme, Sibylle"]
[Black "Roessler, Ulrike"]
[Result "0-1"]
[WhiteElo "2029"]
[BlackElo "2109"]
[PlyCount "120"]
[EventDate "2018.10.27"]
[EventType "team-tourn"]
[EventRounds "11"]
[EventCountry "GER"]
[SourceTitle "CBM 189 Extra"]
[Source "ChessBase"]
[SourceDate "2019.06.03"]
[SourceVersion "1"]
[SourceVersionDate "2019.06.03"]
[SourceQuality "1"]
[WhiteTeam "Pankow Rotation (W)"]
[BlackTeam "Hofheim (W)"]
[WhiteTeamCountry "GER"]
[BlackTeamCountry "GER"]

1. e4 d6 2. d4 Nf6 3. Nc3 g6 4. Be3 c6 5. a4 Nbd7 6. f3 Bg7 7. Bc4 d5 8. exd5 Nb6 9. Bb3 Nbxd5 10. Nxd5 Nxd5 11. Bf2 Bh6 12. Bxd5 Qxd5 13. Ne2 Qa5+ 14. c3 Be6 15. 0-0 0-0 16. Re1 Rfd8 17. Ng3 Qd5 18. Qe2 Rd7 19. Ne4 b6 20. a5 Rad8 21. h4 Qc4 22. Qxc4 Bxc4 23. axb6 axb6 24. Ra3 Rd5 25. b3 Bd3 26. c4 R5d7 27. Ng5 Bg7 28. d5 cxd5 29. Bxb6 Rb8 30. c5 Bc3 31. c6 Rd6 32. Rxe7 Rxc6 33. Bf2 Bb4 34. Raa7 Bxe7 35. Rxe7 Bf5 36. Nxf7 Rxb3 37. Nh6+ Kf8 38. Rxh7 Rb2 39. Bd4 Rd2 40. Bg7+ Ke8 41. Rh8+ Kd7 42. Nxf5 gxf5 43. Be5 Re2 44. Rh7+ Ke8 45. Bf4 Rg6 46. Bg5 Ra6 47. Rh8+ Kf7 48. Rh7+ Kg8 49. Rd7 Raa2 50. Rd8+ Kf7 51. Rxd5 Rxg2+ 52. Kh1 Rge2 53. Rd1 Rf2 54. f4 Kg6 55. Kg1 Kh5 56. Rc1 Kg4 57. Rb1 Rf3 58. Rd1 Kh3 59. h5 Rg2+ 60. Kh1 Rfg3 0-1

[Event "BL 1819 (Women)"]
[Site "Germany"]
[Date "2019.03.01"]
[Round "9.2"]
[White "Roessler, Ulrike"]
[Black "Savina, Anastasia"]
[Result "1/2-1/2"]
[WhiteElo "2109"]
[BlackElo "2331"]
[PlyCount "86"]
[EventDate "2018.10.27"]
[EventType "team-tourn"]
[EventRounds "11"]
[EventCountry "GER"]
[SourceTitle "CBM 189 Extra"]
[Source "ChessBase"]
[SourceDate "2019.06.03"]
[SourceVersion "1"]
[SourceVersionDate "2019.06.03"]
[SourceQuality "1"]
[WhiteTeam "Hofheim (W)"]
[BlackTeam "Bad Koenigshofen (W)"]
[WhiteTeamCountry "GER"]
[BlackTeamCountry "GER"]

1. e4 e5 2. Bc4 Nf6 3. d3 c6 4. Nf3 d5 5. Bb3 a5 6. a4 Bb4+ 7. c3 Bd6 8. Nbd2 0-0 9. 0-0 Nbd7 10. Re1 dxe4 11. Nxe4 Nxe4 12. dxe4 Nc5 13. Bg5 Qc7 14. Bc4 Bg4 15. h3 Bh5 16. Qd2 Bg6 17. Qc2 Be7 18. b4 Bxg5 19. Nxg5 Qe7 20. bxc5 Qxg5 21. Rab1 Qe7 22. Qe2 Qxc5 23. Rxb7 Rab8 24. Reb1 Rxb7 25. Rxb7 Qa3 26. Qc2 h5 27. Kh2 Rd8 28. f3 Qd6 29. Qb3 Qf6 30. Rb8 Qf4+ 31. Kh1 Qc1+ 32. Kh2 Qf4+ 33. Kh1 Rxb8 34. Qxb8+ Kh7 35. Qb3 Qc1+ 36. Kh2 Qf4+ 37. Kg1 Kh6 38. Ba6 Qe3+ 39. Kf1 Kg5 40. Qa3 Kf4 41. Qe7 Qc1+ 42. Kf2 Qe3+ 43. Kf1 Qc1+ 1/2-1/2